DOD's federally funded research and development centers (FFRDCs) /

Bibliographic Details
Main Author: Davey, Michael E. (Michael Earl), 1947-
Corporate Author: Library of Congress. Congressional Research Service
Format: Microform Book
Language:English
Published: [Washington, D.C.] : Congressional Research Service, Library of Congress, [1991]
Series:Major studies and issue briefs of the Congressional Research Service. Supplement ; 1991, reel 6, fr. 1314.
Subjects:

MARC

Tag First Indicator Second Indicator Subfields
LEADER 00000cam a2200000 a 4500
001 in00001293213
005 20151004091142.0
007 hd afa014baca
008 920608s1991 dcu ab f000 0 eng d
035 |a (OCoLC)25969634 
035 |9 AGZ6020AM 
040 |a UPA  |c UPA  |d UtOrBLW 
043 |a n-us--- 
049 |a TXAI 
090 |a JK1108  |b .M35 Suppl. 1991 reel 6 
099 |a Film   |a  S   |a  1717 1991, reel 6, fr. 1314. 
100 1 |a Davey, Michael E.  |q (Michael Earl),  |d 1947- 
245 1 0 |a DOD's federally funded research and development centers (FFRDCs) /  |c Michael E. Davey. 
264 1 |a [Washington, D.C.] :  |b Congressional Research Service, Library of Congress,  |c [1991] 
300 |a 6 pages ;  |c 28 cm. 
336 |a text  |b txt  |2 rdacontent 
337 |a microform  |b h  |2 rdamedia 
338 |a microfilm reel  |b hd  |2 rdacarrier 
500 |a Cover title. 
500 |a At head of title: CRS report for Congress. 
500 |a "April 29, 1991." 
504 |a Includes bibliographical references. 
500 |a "91-378 SPR." 
533 |a Microfilm.  |b Arlington, Va. :  |c University Publications of America,  |d 1992.  |e on 1 microfilm reel ; 35 mm. Low reduction.  |f (Major studies and issue briefs of the Congressional Research Service. 1991-1992 supplement ; reel 6, fr. 1314). 
500 |a Microform. 
610 1 0 |a United States.  |b Department of Defense  |x Appropriations and expenditures. 
650 0 |a Federal aid to research  |z United States. 
651 0 |a United States  |x Research. 
710 2 |a Library of Congress.  |b Congressional Research Service. 
830 0 |a Major studies and issue briefs of the Congressional Research Service.  |p Supplement ;  |v 1991, reel 6, fr. 1314. 
999 |a MARS 
999 f f |s 638acdac-47c4-3546-b544-934ecd4ff08f  |i 32744999-4520-3410-a992-7de0bed6f5c8  |t 0 
952 f f |p default  |a Texas A&M University  |b College Station  |c Sterling C. Evans Library  |d Evans: Microforms (3rd floor)  |t 0  |e Film S 1707 1991, reel 6 fr. 1314  |h Other scheme  |i microform -- microfilm reel 
998 f f |a Film S 1707 1991, reel 6 fr. 1314  |t 0  |l Evans: Microforms (3rd floor)